Zákon Národnej rady Slovenskej republiky č.308 z 19. decembra 1995

Úplné znenie zákona NR SR č.308/1995, ktorým sa menia a dopĺňajú niektoré zákony v oblasti sociálneho zabezpečenia.

Gespeichert in:
Bibliographische Detailangaben
Format: Buchkapitel
Sprache:Slowakisch
Schlagworte:
Tags: Tag hinzufügen
Keine Tags, Fügen Sie das erste Tag hinzu!

MARC

LEADER 00000naa a2200000 4500
001 r020536
005 20230922130218.8
041 0 |a slo 
044 |a SK 
245 1 0 |a Zákon Národnej rady Slovenskej republiky č.308 z 19. decembra 1995 
520 |a Úplné znenie zákona NR SR č.308/1995, ktorým sa menia a dopĺňajú niektoré zákony v oblasti sociálneho zabezpečenia. 
610 2 0 |a zákony 
610 2 0 |a Slovensko 
610 2 0 |a 1995 
610 2 0 |a zabezpečenie sociálne 
610 2 0 |a novelizácia